Movies Quiz

Random Movies or Star Wars Quiz

'Star Wars' Planets (Clickable) Quiz Stats

 Plays Quiz not verified by Sporcle

Challenge
Share
Tweet
Embed
Score 0/12 Timer 04:00
0 Plays Today
% Correct
Tatooine
89.1%
Naboo
88.5%
Alderaan
87.4%
Hoth
87.4%
Dagobah
85.8%
Coruscant
83.1%
Kashyyyk
78.1%
Bespin
75.8%
Geonosis
75.3%
Yavin
74.9%
Kamino
73.8%
Mustafar
71.8%

You're not logged in!

Compare scores with friends on all Sporcle quizzes.
Join for Free
OR
Log In

You Might Also Like...

Show Comments

Extras

Curator's Pick Oct 22, 2012ReportNominate
Tags:Clickable Quiz, Star Wars Quiz

Top Quizzes Today


Score Distribution

Your Account Isn't Verified!

In order to create a playlist on Sporcle, you need to verify the email address you used during registration. Go to your Sporcle Settings to finish the process.

Report this User

Report this user for behavior that violates our Community Guidelines.

Details: